00263nam a2200097Ia 4500008004100000100001700041245004200058260003900100300000800139650001800147191201s2019 xx 000 0 und d aKULKARNI, SK 0aHandbook of experimental pharmacology bVallabh PraksahanaNew Delhic2019 a279 aPharmacology